Newsletter of the Section of Real Property, Probate and Trust Law

Dades bibliogràfiques
Format: Electrònic Revista
Idioma:English
Publicat: American Bar Association
Accés en línia:Full text available on JSTOR[1959-12-01 - 1966-07-01]
Off-campus access
LEADER 00986cas a2200205 a 4500
001 AALejournalJSTOR001921
008 230228c9999 xx r poo 0 0eng d
022 |a 2576-4292 
022 |a 2578-014X 
040 |a BD-DhAAL  |c BD-DhAAL 
245 0 0 |h [electronic resource]  |a Newsletter of the Section of Real Property, Probate and Trust Law 
260 |b American Bar Association 
300 |a 1 online resource 
362 0 |a Vol. 1,  |a no. 1 
500 |a <strong>Off-Campus Access:</strong> Athens ID and Password Required 
500 |a <strong>On-Campus Access:</strong> No User ID or Password Required 
506 |a Electronic access restricted to authorized BRAC University faculty, staff and students 
538 |a Mode of access: Internet 
856 4 0 |z Full text available on JSTOR[1959-12-01 - 1966-07-01]  |u https://www.jstor.org/journal/newssectrealprop 
856 4 0 |z Off-campus access  |u https://go.openathens.net/redirector/bracu.ac.bd?url=https%3A%2F%2Fwww.jstor.org%2Fjournal%2Fnewssectrealprop